[Event "GER Seniors Derby 08th"]
[Site "Wesel Undeloh"]
[Date "2009.04.16"]
[Round "1.4"]
[White "Haase, Randolf"]
[Black "Dittmar, Hans Joachim"]
[Result "0-1"]
[WhiteElo "1616"]
[BlackElo "2056"]
[PlyCount "50"]
[EventDate "2009.04.16"]
[EventType "swiss"]
[EventRounds "7"]
[EventCountry "GER"]
[SourceTitle "EXT 2022"]
[Source "ChessBase"]
[SourceDate "2021.10.06"]
[SourceVersion "1"]
[SourceVersionDate "2021.10.06"]
[SourceQuality "1"]

1. d4 Nf6 2. c4 e6 3. Nf3 d5 4. Nc3 Nbd7 5. e3 Be7 6. Bd3 a6 7. 0-0 dxc4 8. Bxc4 b5 9. Be2 Bb7 10. a3 0-0 11. b4 Nd5 12. Nxd5 Bxd5 13. Nd2 e5 14. dxe5 Nxe5 15. Bb2 Bf6 16. Qc2 Qe7 17. e4 Nd7 18. Bxf6 Nxf6 19. Bd3 Bb7 20. Rae1 g6 21. f4 Nd7 22. Nb3 Rac8 23. Na5 Ba8 24. Nc6 Qd6 25. Na5 c5 0-1